ISO 9001:2000 audit procedures / (Record no. 7227)

MARC details
000 -LEADER
fixed length control field 01019nac a22002651u 4500
010 ## - LIBRARY OF CONGRESS CONTROL NUMBER
LC control number 2005296255
020 ## - INTERNATIONAL STANDARD BOOK NUMBER
International Standard Book Number 0750654368
035 ## - SYSTEM CONTROL NUMBER
System control number (OCoLC)ocm47900851
082 04 - DEWEY DECIMAL CLASSIFICATION NUMBER
Classification number 658.562
Item number TRI
090 ## - LOCALLY ASSIGNED LC-TYPE CALL NUMBER (OCLC); LOCAL CALL NUMBER (OCLC)
-- 7227
-- 7227
100 ## - MAIN ENTRY--PERSONAL NAME
Personal name Tricker, Ray.
245 10 - TITLE STATEMENT
Title ISO 9001:2000 audit procedures /
Statement of responsibility, etc Ray Tricker.
260 ## - PUBLICATION, DISTRIBUTION, ETC. (IMPRINT)
Place of publication, distribution, etc Amsterdam ;
-- Boston :
Name of publisher, distributor, etc Elsevier Butterworth-Heinemann,2002
Date of publication, distribution, etc 2002
300 ## - PHYSICAL DESCRIPTION
Extent xiii, 275 p. :
Other physical details ill. ;
Dimensions 24 cm.
500 ## - GENERAL NOTE
General note distributer: Al-Ahram
504 ## - BIBLIOGRAPHY, ETC. NOTE
Bibliography, etc Includes bibliographical references and index.
511 ## - PARTICIPANT OR PERFORMER NOTE
Participant or performer note catalogued by: wessam
650 #0 - SUBJECT ADDED ENTRY--TOPICAL TERM
Topical term or geographic name as entry element ISO 9001 Standard
General subdivision Auditing.
650 #0 - SUBJECT ADDED ENTRY--TOPICAL TERM
Topical term or geographic name as entry element Compliance auditing.
650 #0 - SUBJECT ADDED ENTRY--TOPICAL TERM
Topical term or geographic name as entry element Quality control
General subdivision Standards.
650 #0 - SUBJECT ADDED ENTRY--TOPICAL TERM
Topical term or geographic name as entry element Quality assurance
General subdivision Standards.
856 42 - ELECTRONIC LOCATION AND ACCESS
Materials specified Publisher description
Uniform Resource Identifier <a href="http://www.loc.gov/catdir/enhancements/fy0627/2005296255-d.html">http://www.loc.gov/catdir/enhancements/fy0627/2005296255-d.html</a>
856 42 - ELECTRONIC LOCATION AND ACCESS
Materials specified Table of contents only
Uniform Resource Identifier <a href="http://www.loc.gov/catdir/enhancements/fy0627/2005296255-t.html">http://www.loc.gov/catdir/enhancements/fy0627/2005296255-t.html</a>
942 ## - ADDED ENTRY ELEMENTS (KOHA)
Item type Book - Borrowing
Call number prefix 658.562TRI
Holdings
Withdrawn status Item status Damaged status Not for loan Home library Current library Shelving location Date acquired Source of acquisition Total Checkouts Total Renewals Full call number Barcode Date last seen Date last borrowed Koha item type
        Central Library Central Library First floor 08/01/2016 Purchase 2 24 658.562TRI 000008770 15/07/2025 27/04/2015 Book - Borrowing